000 00234nam a2200097Ia 4500
008 240331s9999 xx 000 0 und d
082 _a294
_bRAV
100 _aRaveendran, N
245 0 _aInthuvam inthusamayam samooga matrangal
942 _cL
999 _c901
_d901